| 000 | 00761nam a22002417a 4500 | ||
|---|---|---|---|
| 999 |
_c17134 _d17134 |
||
| 003 | OSt | ||
| 005 | 20181120093037.0 | ||
| 008 | 181120b ||||| |||| 00| 0 eng d | ||
| 020 | _a9780521105644 | ||
| 020 | _a9780521251006 | ||
| 040 | _aSEKU | ||
| 050 |
_aTD 811.5 _b.C67 |
||
| 100 | _aCope, C.B. | ||
| 245 |
_aThe scientific management of hazardous wastes / _cC.B. Cope ; W.H Fuller ; S.L. Willetts. |
||
| 260 |
_aCambridge : _bCambridge University Press, _c1983. |
||
| 300 |
_a480 p. : _bill. |
||
| 504 | _aIncludes bibliographical references and index. | ||
| 650 |
_aHazardous wastes _zGreat Britain |
||
| 650 |
_aHazardous wastes- Law and legislation _zGreat Britain |
||
| 700 | _aFuller, W.H. | ||
| 700 | _aWilletts, S.L. | ||
| 942 |
_2lcc _cGEN |
||